Recordar para vivir: el papel de la memoria histórica en la reparación del tejido social /
Gardado en:
| Autor Principal: | |
|---|---|
| Formato: | Texto |
| Materias: | |
| Etiquetas: |
Engadir etiqueta
Sen Etiquetas, Sexa o primeiro en etiquetar este rexistro!
|
MARC
| LEADER | 00000 a a2200000 04500 | ||
|---|---|---|---|
| 001 | 5238 | ||
| 003 | |||
| 040 | |||
| 100 | |a Gaborit, Mauricio | ||
| 245 | |a Recordar para vivir: |b el papel de la memoria histórica en la reparación del tejido social / |c Mauricio Gaborit | ||
| 650 | |a MEMORIA COLECTIVA | ||
| 650 | |a CRIMENES DE GUERRA | ||
| 650 | |a VIOLENCIA | ||
| 650 | |a VICTIMAS | ||
| 650 | |a IDENTIDAD SOCIAL | ||
| 650 | |a PSICOLOGIA | ||
| 650 | |a EL SALVADOR | ||
| 773 | |g volumen 62, número 701 -702; páginas 203-218 | ||
| 999 | |c 35416 |d 35416 | ||
| 773 | 0 | |0 18723 |9 2690 |a Universidad Centroamericana José Simeón Cañas (UCA) |d San Salvador, El Salvador Universidad Centroamericana José Simeón |o 01108 |t ECA: | |
